| 000 | 00680pam a2200217 a 4500 | ||
|---|---|---|---|
| 999 |
_c108643 _d108643 |
||
| 001 | 1161666 | ||
| 005 | 20181027111408.0 | ||
| 008 | 960314s1996 pau b 001 0 eng | ||
| 020 | _a0748403930 (alk. paper) | ||
| 020 | _a0748403949 (pbk. : alk. paper) | ||
| 040 | _cPK-LaUMT | ||
| 082 | 0 | 0 |
_a616.9792 _220 _bBIS- |
| 245 | 0 | 0 |
_aBisexualities and AIDS : _binternational perspectives / _cedited by Peter Aggleton |
| 260 |
_aBristol, Pa. : _bTaylor & Francis, _c1996 |
||
| 300 |
_avii, 234 p. ; _c25 cm. |
||
| 650 | 0 |
_aAIDS (Disease) _xSocial aspects. |
|
| 650 | 0 |
_aBisexuals _xDiseases. |
|
| 650 | 0 |
_aAIDS (Disease) _xEpidemiology. |
|
| 700 | 1 | _aAggleton, Peter. | |
| 942 | _cBK | ||